Physical organic chemistry / (Record no. 2651)

MARC details
000 -LEADER
fixed length control field 00940nac a22002651i 4500
003 - CONTROL NUMBER IDENTIFIER
control field EG-ScBUE
005 - DATE AND TIME OF LATEST TRANSACTION
control field 20250817100717.0
008 - FIXED-LENGTH DATA ELEMENTS--GENERAL INFORMATION
fixed length control field 250817s1995 enka f b 001 0 eng d
020 ## - INTERNATIONAL STANDARD BOOK NUMBER
International Standard Book Number 0582218632
020 ## - INTERNATIONAL STANDARD BOOK NUMBER
International Standard Book Number 9780582218635
040 ## - CATALOGING SOURCE
Original cataloging agency EG-ScBUE
Language of cataloging eng
Description conventions rda
Transcribing agency EG-ScBUE
Modifying agency EG-ScBUE
082 04 - DEWEY DECIMAL CLASSIFICATION NUMBER
Classification number 547.13
Item number ISA
Edition number 22
100 1# - MAIN ENTRY--PERSONAL NAME
Personal name Isaacs, Neil S.,
Relator term author.
245 10 - TITLE STATEMENT
Title Physical organic chemistry /
Statement of responsibility, etc Neil S. Isaacs, senior lecturer in chemistry, University of Reading.
250 ## - EDITION STATEMENT
Edition statement Second edition.
264 #1 - PUBLICATION, DISTRIBUTION, ETC. (IMPRINT)
Place of publication, distribution, etc Burnt Mill, Harlow, Essex, England :
Name of publisher, distributor, etc Longman Scientific & Technical,
Date of publication, distribution, etc 1995.
300 ## - PHYSICAL DESCRIPTION
Extent xxxiv, 877 pages :
Other physical details illustrations ;
Dimensions 25 cm
336 ## - CONTENT TYPE
Source rdacontent
Content type term text
Content type code txt
337 ## - MEDIA TYPE
Media type term unmediated
Source rdamedia
Media type code n
338 ## - CARRIER TYPE
Carrier type term volume
Carrier type code nc
Source rdacarrier
504 ## - BIBLIOGRAPHY, ETC. NOTE
Bibliography, etc Includes bibliographical references and index.
650 #7 - SUBJECT ADDED ENTRY--TOPICAL TERM
Topical term or geographic name as entry element Chemistry, Physical organic.
Source of heading or term BUEsh
655 ## - INDEX TERM--GENRE/FORM
Form subdivision Reading book
942 ## - ADDED ENTRY ELEMENTS (KOHA)
Koha item type Book - Borrowing
Source of classification or shelving scheme Dewey Decimal Classification
Holdings
Withdrawn status Lost status Damaged status Not for loan Home library Current library Shelving location Date acquired Source of acquisition Total Checkouts Full call number Barcode Date last seen Price effective from Koha item type
        Central Library Central Library First floor 27/02/2007 Purchase   547.13 ISA 000001565 15/07/2025 27/02/2007 Book - Borrowing